000 01086nam a22002777a 4500
005 2010101908158.0
008 101019t xxu||||| |||| 00| 0 hin d
010 _aHIN-96260
020 _c350.00
_a9788190866064
035 _aHN-68606
037 _bDBAD / PUB
040 _aDPL
_bHN
082 _a824
100 _923632
_aकाबरा,किशोर
245 _aयात्रा शब्द से नि:शब्द की ओर /
_bकिशोर काबरा
260 _aदिल्ली
_bजास्मिन पब्लिकेशन
_c2012
270 _bदिल्ली
_a29/61, गली न. 11, विश्वास नगर
_e110032
300 1 _a176पृ.
_c22सेमी (सजिल्द)
650 _9657
_aहिन्दी निबन्ध
650 _934273
700 _948760
710 _934811
710 _935049
942 _2ddc
_cHN
_mकाबरा
_h824
999 _c67811
_d67811